LEADER 00966nam0-22003131i-450- 001 990007784150403321 005 20110512161739.0 010 $a88-14-08109-3 035 $a000778415 035 $aFED01000778415 035 $a(Aleph)000778415FED01 035 $a000778415 100 $a20030814d2000----km-y0itay50------ba 101 0 $aita 200 1 $a<>condizione "elemento essenziale" del negozio giuridico$eTeoria generale e profili applicativi$fGaetano Petrelli 210 $aMilano$cGiuffrè$d2000 215 $a557 p.$d24 cm 610 0 $aCONTRATTO - formazione del 610 0 $aCONTRATTO - elementi accidentali 676 $a346.02 700 1$aPetrelli,$bGaetano$0235082 801 0$aIT$bUNINA$gRICA$2UNIMARC 901 $aBK 912 $a990007784150403321 952 $a16-AA-429$b11525$fDDCP 952 $a16-AA-446$b12039$fDDCP 959 $aDDCP 996 $aCondizione, elemento essenziale, del negozio giuridico$963570 997 $aUNINA LEADER 00920nam0-22002771i-450- 001 990005682570403321 005 19990530 035 $a000568257 035 $aFED01000568257 035 $a(Aleph)000568257FED01 035 $a000568257 100 $a19990530d1953----km-y0itay50------ba 101 0 $aita 105 $ayf--r---00--- 200 1 $aLondon drawings in the department of prints and drawings in the British Museum$eMichelangelo and his studio$fJohannes Wilde 205 $aRepr., 1975 210 $aLondon$cThe TRstees of the British Museum$dc1953 215 $aXX, 142 p., 154 tav.$d25 cm 710 02$aBritish Museum (Natural History)$084509 801 0$aIT$bUNINA$gRICA$2UNIMARC 901 $aBK 912 $a990005682570403321 952 $aB 1937$bBIBL. 59777$fFLFBC 959 $aFLFBC 996 $aLondon drawings in the department of prints and drawings in the British Museum$9602326 997 $aUNINA